The 20 Biggest Cities in Bavaria - Statistics

General Stats
  • This quiz has been taken 1,999 times
  • The average score is 11 of 20
Answer Stats
Pop. Answer % Correct
1,326,807 Munich/München
100%
503,638 Nuremberg/Nürnberg
89%
263,313 Augsburg
80%
133,525 Regensburg
73%
123,925 Ingolstadt
66%
133,501 Würzburg
64%
50,717 Passau
62%
69,989 Bamberg
55%
114,071 Fürth
55%
72,935 Bayreuth
53%
104,980 Erlangen
50%
60,711 Rosenheim
48%
62,606 Landshut
43%
68,747 Aschaffenburg
42%
47,275 Hof
42%
53,866 Neu-Ulm
39%
62,135 Kempten (Allgäu)
35%
53,588 Schweinfurt
34%
45,654 Freising
29%
44,496 Straubing
27%
No matching quizzes found
Score Distribution
Percent of People with Each Score
Percentile by Number Answered
Your Score History
You have not taken this quiz